Music Quiz

Random Music or Song Quiz

Metallica Riffs (Clip Quiz) Stats

 Plays Quiz not verified by Sporcle

Challenge
Share
Tweet
Score 0/20 Timer 06:00
1 Play Today
Time Song % Correct
0:37-0:46Seek and Destroy
91.3%
1:37-1:46Enter Sandman
91.3%
0:47-0:56Ride the Lightning
83.7%
1:57-2:06Fuel
82.4%
3:06-3:15Master of Puppets
82.2%
0:18-0:27Blackened
81.4%
1:47-1:56Orion
76.1%
0:10-0:17Moth Into Flame
69.6%
2:17-2:26The Day That Never Comes
67.5%
0:28-0:36Through the Never
64.6%
Time Song % Correct
2:27-2:35Whiplash
63.5%
2:46-2:55Dyers Eve
53.5%
2:07-2:16Some Kind of Monster
52.5%
1:27-1:36The Frayed Ends of Sanity
50.7%
1:07-1:16The End of the Line
40.9%
0:57-1:06Thorn Within
36%
2:56-3:05Dream No More
34.9%
0:00-0:09Mercyful Fate Medley
32.3%
2:36-2:45Blitzkrieg
26.2%
1:17-1:26Crash Course in Brain Surgery
20.5%

You're not logged in!

Compare scores with friends on all Sporcle quizzes.
Join for Free
OR
Log In

You Might Also Like...

Show Comments

Extras

Created Jan 20, 2017ReportNominate
Tags:Clip Quiz, Song Quiz, metallica, riff

Top Quizzes Today


Score Distribution

Your Account Isn't Verified!

In order to create a playlist on Sporcle, you need to verify the email address you used during registration. Go to your Sporcle Settings to finish the process.

Report this User

Report this user for behavior that violates our Community Guidelines.

Details: